00889nam a22002417a 4500999001500000003000900015008004100024040007100065082001500136100003600151245005200187260003000239300002800269440002900297505010400326650001400430650002100444650002100465700003800486942001600524945000900540952009800549 c8645d8645AR-CdUCM190325b ||||| |||| 00| 0 spa d aMUNICIPALIDAD PROVINCIAL DEL CUSCOcBIBLIOTECA MUNICIPAL DEL CUSCO a086 /bE13 aEca de Queiroz, José María  aObras Inmortales :bEl Crimen del Padre Amaro / aMadrid :bE.D.A.F.,c1960 a1381 páginas ;c17 cm aObras Inmortales 924087 aContenido: El crimen del padre Amaro -- El primo Basilio -- La Reliquia -- Los Maias -- El Mandarin aNovela95 aLiteratura 9416 aClásicos98885 aD. Ramon del Valle Inclan 924175 2ddccLIBROS admma 002ddc4070aSHbSHcCARTd2019-03-25g30.00o082.11 / E13pSH0000009346r2019-03-25yLIBROS